<?xml version="1.0" encoding="UTF-8"?><?xml-stylesheet type="text/xsl" href="static/style.xsl"?><OAI-PMH xmlns="http://www.openarchives.org/OAI/2.0/" xmlns:xsi="http://www.w3.org/2001/XMLSchema-instance" xsi:schemaLocation="http://www.openarchives.org/OAI/2.0/ http://www.openarchives.org/OAI/2.0/OAI-PMH.xsd"><responseDate>2026-06-03T00:40:14Z</responseDate><request verb="GetRecord" identifier="oai:riuma.uma.es:10630/3640" metadataPrefix="marc">https://riuma.uma.es/rest/oai/request</request><GetRecord><record><header><identifier>oai:riuma.uma.es:10630/3640</identifier><datestamp>2026-02-03T12:48:41Z</datestamp><setSpec>com_10630_27</setSpec><setSpec>com_10630_3139</setSpec><setSpec>com_10630_10</setSpec><setSpec>col_10630_555</setSpec></header><metadata><record xmlns="http://www.loc.gov/MARC21/slim" xmlns:dcterms="http://purl.org/dc/terms/" xmlns:doc="http://www.lyncode.com/xoai" xmlns:xsi="http://www.w3.org/2001/XMLSchema-instance" xsi:schemaLocation="http://www.loc.gov/MARC21/slim http://www.loc.gov/standards/marcxml/schema/MARC21slim.xsd">
   <leader>00925njm 22002777a 4500</leader>
   <datafield ind2=" " ind1=" " tag="042">
      <subfield code="a">dc</subfield>
   </datafield>
   <datafield ind2=" " ind1=" " tag="720">
      <subfield code="a">Rocha Afonso, M. L.</subfield>
      <subfield code="e">author</subfield>
   </datafield>
   <datafield ind2=" " ind1=" " tag="260">
      <subfield code="c">1983</subfield>
   </datafield>
   <datafield ind2=" " ind1=" " tag="520">
      <subfield code="a">A A. estudou minuciosamente os espécimes de Cheilanthes spp. existentes nos principais herbários portugueses (COI, LISI, LISU e PO) e concluiu que grande parte dos espécimes em tempos identificados como Ch. pteridioides ou Ch. fragrans não pertenecen de facto a esta espécie mas sim ás afins Ch. guanchica C. Bolle, Ch. maderensis Lowe e Ch. tinaei Tod. São apresentadas chaves de identificação para as espécies portuguesas, bem como listas dos exemplares estudados e respectivos mapas de distribuição.</subfield>
   </datafield>
   <datafield ind2=" " ind1=" " tag="520">
      <subfield code="a">Hemos estudiado minuciosamente las especies de Cheilanthes ssp. existentes en los principales herbarios portugueses (COI, LISI, LISU e PO), concluyendo que la mayor parte de estas, identificadas anteriormente como Ch. pteridioides o Ch. fragrans, no pertenecen de hecho a esta especie sino a aquellas afines, Ch. guanchica C. Bolle, Ch. maderensis Lowe e Ch. tinaei Tod. Se presentan unas claves de identificación para las especies portuguesas, así como listas de los ejemplares estudiados y los correspondientes mapas de distribución.</subfield>
   </datafield>
   <datafield ind1="8" ind2=" " tag="024">
      <subfield code="a">02109506</subfield>
   </datafield>
   <datafield ind1="8" ind2=" " tag="024">
      <subfield code="a">http://hdl.handle.net/10630/3640</subfield>
   </datafield>
   <datafield ind2="0" ind1="0" tag="245">
      <subfield code="a">O genero "Cheilanthes" Swartz em Portugal</subfield>
   </datafield>
</record>
</metadata></record></GetRecord></OAI-PMH>